Imaginar el pasado, decir el presente: la novela histórica chilena, 1985-2003
Salvato in:
| Autore principale: | |
|---|---|
| Natura: | Libro |
| Lingua: | spagnolo |
| Pubblicazione: |
Santiago
Ril Editores
2007
|
| Edizione: | 1a. ed |
| Soggetti: | |
| Tags: |
Aggiungi Tag
Nessun Tag, puoi essere il primo ad aggiungerne!!
|
MARC
| LEADER | 00000cam a2200000 a 4500 | ||
|---|---|---|---|
| 001 | UCF8642 | ||
| 003 | CL-VaPUC | ||
| 008 | 130930e20070900cl |||||||||||||||||spa|d | ||
| 020 | |a 9789562845748 | ||
| 082 | 0 | 4 | |a Ch864 |b VIU |2 21 |
| 100 | 0 | |a Viu Bottini, Antonia |e author |9 570763 | |
| 245 | 1 | 0 | |a Imaginar el pasado, decir el presente: la novela histórica chilena, 1985-2003 |
| 250 | |a 1a. ed | ||
| 300 | |a 247 p | ||
| 942 | |c BK | ||
| 945 | |d 20130930 13:19:00 |a dcastane | ||
| 260 | |a Santiago |b Ril Editores |c 2007 | ||
| 650 | 0 | |a Ensayos chilenos |9 269132 | |
| 650 | 7 | |a NOVELA HISTORICA CHILENA |2 CL-VaPUC |9 329926 | |
| 650 | 0 | |a Literatura chilena |9 308278 | |
| 650 | 0 | |a Crítica e interpretación |9 255042 | |
| 583 | |a last modification |c 20130930 13:19:00 |k Rodrigo Vera | ||
| 999 | |c 353209 |d 353207 | ||
| 952 | |0 0 |1 0 |3 erb |4 0 |6 CH_864_000000000000000_VIU_2007 |7 0 |8 A |9 458288 |a BIBCUR |b BIBCUR |d 2019-11-23 |i 5011523 |o Ch864 VIU 2007 |p 5011523 |r 2025-04-22 |w 2019-11-23 |y BK |z Catalogado en:20130930 |k PER | ||